NFL Top 10 Passer Rating 2020s - Statistics

General Stats
  • This quiz has been taken 41 times
  • The average score is 58 of 60
Answer Stats
Year Team Player % Correct
2021: 1 Packers Aaron Rodgers
100%
2020: 1 Packers Aaron Rodgers
100%
2025: 8 49ers Brock Purdy
100%
2023: 1 49ers Brock Purdy
100%
2025: 10 Cowboys Dak Prescott
100%
2023: 2 Cowboys Dak Prescott
100%
2021: 3 Cowboys Dak Prescott
100%
2025: 1 Patriots Drake Maye
100%
2025: 3 Lions Jared Goff
100%
2024: 2 Lions Jared Goff
100%
2023: 9 Lions Jared Goff
100%
2022: 7 Lions Jared Goff
100%
2025: 7 Bengals Joe Burrow
100%
2024: 3 Bengals Joe Burrow
100%
2022: 6 Bengals Joe Burrow
100%
2021: 2 Bengals Joe Burrow
100%
2025: 6 Packers Jordan Love
100%
2025: 5 Bills Josh Allen
100%
2024: 8 Bills Josh Allen
100%
2022: 8 Bills Josh Allen
100%
2020: 4 Bills Josh Allen
100%
2025: 4 Ravens Lamar Jackson
100%
2024: 1 Ravens Lamar Jackson
100%
2023: 4 Ravens Lamar Jackson
100%
2025: 2 Rams Matthew Stafford
100%
2021: 6 Rams Matthew Stafford
100%
2021: 7 Buccaneers Tom Brady
100%
2020: 9 Buccaneers Tom Brady
100%
2024: 5 Eagles Jalen Hurts
97%
2022: 4 Eagles Jalen Hurts
97%
2022: 3 49ers Jimmy Garoppolo
97%
2021: 9 49ers Jimmy Garoppolo
97%
2022: 2 Chiefs Patrick Mahomes
97%
2021: 10 Chiefs Patrick Mahomes
97%
2020: 3 Chiefs Patrick Mahomes
97%
2024: 6 Vikings Sam Darnold
97%
2022: 9 Jaguars Trevor Lawrence
97%
2024: 9 Dolphins Tua Tagovailoa
97%
2023: 5 Dolphins Tua Tagovailoa
97%
2022: 1 Dolphins Tua Tagovailoa
97%
2024: 4 Buccaneers Baker Mayfield
95%
2023: 6 Texans C.J. Stroud
95%
2022: 5 Seahawks Geno Smith
95%
2024: 7 Chargers Justin Herbert
95%
2023: 8 Broncos Russell Wilson
95%
2021: 5 Seahawks Russell Wilson
95%
2020: 7 Seahawks Russell Wilson
95%
2025: 9 Colts Daniel Jones
92%
2024: 10 Saints Derek Carr
92%
2023: 10 Saints Derek Carr
92%
2020: 10 Raiders Derek Carr
92%
2020: 6 Saints Drew Brees
92%
2023: 3 Vikings Kirk Cousins
92%
2021: 4 Vikings Kirk Cousins
92%
2020: 8 Vikings Kirk Cousins
92%
2021: 8 Cardinals Kyler Murray
87%
2020: 5 Titans Ryan Tannehill
87%
2020: 2 Texans Deshaun Watson
84%
2023: 7 Bengals Jake Browning
68%
2022: 10 Saints Andy Dalton
58%
No matching quizzes found
Score Distribution
Percent of People with Each Score
Percentile by Number Answered
Your Score History
You have not taken this quiz